Govt. of
Madhya Pradesh

Nirvana (Record no. 34850)

MARC details
000 -LEADER
fixed length control field 004130000a22001690004500
003 - CONTROL NUMBER IDENTIFIER
control field MACL
005 - DATE AND TIME OF LATEST TRANSACTION
control field 20151229171305.0
008 - FIXED-LENGTH DATA ELEMENTS--GENERAL INFORMATION
fixed length control field 151229b xxu||||| |||| 00| 0 eng d
040 ## - CATALOGING SOURCE
Original cataloging agency MACL
Transcribing agency MACL
041 ## - LANGUAGE CODE
Language code of text/sound track or separate title English
082 ## - DEWEY DECIMAL CLASSIFICATION NUMBER
Classification number 200/ARU
100 ## - MAIN ENTRY--PERSONAL NAME
Personal name Arundale, George s.
9 (RLIN) 24380
245 ## - TITLE STATEMENT
Title Nirvana
260 ## - PUBLICATION, DISTRIBUTION, ETC. (IMPRINT)
Name of publisher, distributor, etc. Theosophical Publishing House
Date of publication, distribution, etc. 1927
650 ## - SUBJECT ADDED ENTRY--TOPICAL TERM
Topical term or geographic name as entry element Religion
9 (RLIN) 24381
942 ## - ADDED ENTRY ELEMENTS (KOHA)
Koha item type Books
Call number prefix 200/Aru
Source of classification or shelving scheme
Holdings
Withdrawn status Lost status Source of classification or shelving scheme Damaged status Not for loan Home library Current library Date acquired Total Checkouts Full call number Barcode Date last seen Uniform Resource Identifier Price effective from Koha item type
          MACL MACL 15/04/2015   200/Aru CLE007159 29/04/2015 35055 15/04/2015 Books